Wszystkie modele Nysy - Statystyki

Ogólne statystyki
  • Ten quiz został rozwiązany 10 razy
  • Średni wynik to 8 z 13
Statystyki odpowiedzi
Model % Poprawnych
521
100%
522
100%
523
100%
501
60%
503
60%
N57
60%
N58
60%
N59
60%
N60
60%
N61
60%
N63
40%
321
20%
325
20%
Nie znaleziono quizów pasujących do podanych kryteriów
Rozkład punktacji
Procent ludzi z każdym wynikiem
Percentyl według liczby udzielonych odpowiedzi
Twoja historia wyników
Nie rozwiązałeś tego quizu